Novinky a aktuální procesy v Mezinárodních standardech účetního výkaznictví
Krátke priblíženie návrhu novelizácie IAS 23 - Výpožičné náklady (borrowing costs), ktorý predložila IASB. Zdôraznenie zmien oproti aktuálnej platnej úprave. Aplikácia vyplývajúcich pravidiel prostredníctvom dvoch príkladov: 1. Financovanie výstavby dlhodobého aktíva z účelových zdrojov (IAS 23.15)....
Na minha lista:
| Autor principal: | |
|---|---|
| Formato: | Capítulo de Livro |
| Idioma: | tcheco |
| Assuntos: | |
| Tags: |
Sem tags, seja o primeiro a adicionar uma tag!
|
MARC
| LEADER | 00000naa$a2200000$$$4500 | ||
|---|---|---|---|
| 001 | 0046120 | ||
| 005 | 20230925085546.1 | ||
| 041 | 0 | |a cze | |
| 044 | |a CZ | ||
| 245 | 1 | 0 | |a Novinky a aktuální procesy v Mezinárodních standardech účetního výkaznictví |c Libor Vašek |
| 520 | |a Krátke priblíženie návrhu novelizácie IAS 23 - Výpožičné náklady (borrowing costs), ktorý predložila IASB. Zdôraznenie zmien oproti aktuálnej platnej úprave. Aplikácia vyplývajúcich pravidiel prostredníctvom dvoch príkladov: 1. Financovanie výstavby dlhodobého aktíva z účelových zdrojov (IAS 23.15). 2. Financovanie výstavby dlhodobého aktíva zo všeobecných zdrojov (IAS 23.17). | ||
| 610 | 2 | 0 | |a štandardy účtovné medzinárodné |
| 610 | 2 | 0 | |a výkazníctvo účtovné |
| 610 | 2 | 0 | |a náklady |
| 610 | 2 | 0 | |a metodika |
| 610 | 2 | 0 | |a prípady účtovné |
| 610 | 2 | 0 | |a úver účelový |
| 100 | 1 | |a Vašek, Libor | |